00253nam a2200109Ia 4500008004100000100002000041245003500061250000800096260002300104300000800127650000800135191201s2005 xx 000 0 und d aWALKER,Danielle 0aDoing Business Internationally a2nd aN.DelhibMGHc2005 a330 aMBA